| 000 | 00439nam a22001697a 4500 | ||
|---|---|---|---|
| 003 | NUST - PNEC | ||
| 005 | 20170116181156.0 | ||
| 008 | 160112b xxu||||| |||| 00| 0 eng d | ||
| 020 | _a- | ||
| 040 | _cLIBRARY | ||
| 082 | _a920 MOH | ||
| 100 |
_915928 _aMohammad Shafi Malik |
||
| 245 |
_aYaad-e-ayyam _cMohammad Shafi Malik |
||
| 260 |
_aLahore: _bShirkat Printers; _cc1998. |
||
| 650 |
_915930 _aBiography _xGeneral |
||
| 942 |
_2ddc _cBK |
||
| 999 |
_c71209 _d71209 |
||